| 000 | 00837nas a2200253 4500 | ||
|---|---|---|---|
| 001 | BR9703804 | ||
| 003 | BR-BrBNA | ||
| 005 | 20231205100357.0 | ||
| 007 | ta | ||
| 008 | 230509b bl.|||p| |||| 00| 00por d | ||
| 040 |
_aBR-BrBNA _bpor _cBiblioteca Nacional de Agricultura |
||
| 041 | _a(Pt) | ||
| 072 | _aQ04 | ||
| 100 | 1 | _aSilva, J.B. da | |
| 100 | 1 | _aBora, P.S. | |
| 100 | 1 | _aQueiroga Neto, V. | |
| 245 | 1 | _aCaracterizacao de propriedades funcionais do isolado proteico de sementes de algaroba (Prosopis juliflora (sw)D.C.> | |
| 650 | _aAlgaroba | ||
| 650 | _aSemente | ||
| 650 | _aComposicao de Alimento | ||
| 773 | 0 |
_tBoletim do Centro de Pesquisa e Processamento de Alimentos (Brazil) _xISSN 0102-0323 _g(Jul-Dec 1996), v. 14(2) p. 253-272 _wBR9703804 |
|
| 909 |
_a202311 _bLúcia _c55 _dLúcia Elande |
||
| 942 |
_2AGRIS _n0 _cANA |
||
| 999 |
_c155675 _d155675 |
||